LEADER 01312nam--2200385---450- 001 990003361740203316 005 20100115094716.0 010 $a88-464-4506-6 035 $a000336174 035 $aUSA01000336174 035 $a(ALEPH)000336174USA01 035 $a000336174 100 $a20100115d2003----km-y0itay50------ba 101 $aita 102 $aIT 105 $a||||||||001yy 200 1 $a<> danno psichico$emobbing, bulling e wrongful life: uno strumento psicologico e legale per le nuove perizie e gli interventi preventivi nelle organizzazioni$fdi Riccardo Dominici e Gianni Montesarchio 210 $aMilano$cAngeli$d2003 215 $a237 p.$d24 cm 225 2 $aStrumenti per il lavoro psico-sociale ed educativo 410 0$12001$aStrumenti per il lavoro psico-sociale ed educativo 454 0$12001 606 0 $aLavoratori$xPesecuzione psicologica 676 $a158.72 700 1$aDOMINICI,$bRiccardo$0458968 701 1$aMONTESARCHIO,$bGianni$0222970 801 0$aIT$bsalbc$gISBD 912 $a990003361740203316 951 $aII.3. 3385 a$b220437 L.M.$cII.3.$d00262888 951 $aII.3. 3385$b220436 L.M.$cII.3.$d00262887 959 $aBK 969 $aUMA 979 $aALESSANDRA$b90$c20100115$lUSA01$h0947 996 $aDanno psichico$91123832 997 $aUNISA LEADER 02444nam 2200589 450 001 9910815227503321 005 20220425220504.0 010 $a1-4214-0405-2 035 $a(CKB)3240000000065048 035 $a(EBL)4398447 035 $a(SSID)ssj0000606385 035 $a(PQKBManifestationID)11973779 035 $a(PQKBTitleCode)TC0000606385 035 $a(PQKBWorkID)10580422 035 $a(PQKB)11766685 035 $a(OCoLC)821725636 035 $a(MdBmJHUP)muse1525 035 $a(Au-PeEL)EBL4398447 035 $a(CaPaEBR)ebr11161164 035 $a(MiAaPQ)EBC4398447 035 $a(EXLCZ)993240000000065048 100 $a20110307d2011 uy| 0 101 0 $aeng 135 $aur|n|---||||| 181 $ctxt 182 $cc 183 $acr 200 00$aGay, lesbian, bisexual & transgender aging $echallenges in research, practice, and policy /$fedited by Tarynn M. Witten and A. Evan Eyler 210 1$aBaltimore :$cJohns Hopkins University Press,$d2011. 215 $a1 online resource (357 p.) 300 $aDescription based upon print version of record. 311 $a1-4214-0320-X 320 $aIncludes bibliographical references and index. 327 $aThe aging of sexual and gender minority persons : an overview / Tarynn M. Witten -- Informal caregiving : sexual orientation, sex development, and gender identity matter / Karen I. Fredriksen-Goldsen -- Aging in the gay community / Brian de Vries and Gil Herdt -- Aging in the lesbian community / Nancy M. Nystrom and Teresa C. Jones -- Aging in the bisexual community / Paula C. Rodriguez Rust -- Transgender and aging : beings and becomings / Tarynn M. Witten and A. Evan Eyler -- Intersex and aging : a (cautionary) research agenda / Monica J. Casper and Heather Laine Talley. 606 $aPreventive health services for older people 606 $aLGBTQ+ older people$2homoit 606 $aOlder queer people$2homoit 606 $aOlder transgender people$2homoit 615 0$aPreventive health services for older people. 615 7$aLGBTQ+ older people 615 7$aOlder queer people 615 7$aOlder transgender people 676 $a362.1086/6 702 $aWitten$b Tarynn 702 $aEyler$b A. Evan 801 0$bMiAaPQ 801 1$bMiAaPQ 801 2$bMiAaPQ 906 $aBOOK 912 $a9910815227503321 996 $aGay, lesbian, bisexual & transgender aging$93933436 997 $aUNINA